Southville International School and Colleges
Your cart is empty.
  • Cart
  • Lists
    Public lists Eva Luna New books Lux_list list_1
    Your lists Log in to create your own lists
  • Log in to your account
  • Your cookies
  • Search history
Southville International School and Colleges
  • Advanced search
  • Recent comments
  • Most popular
  • Libraries

Log in to your account

Log in with GOOGLE


If you do not have an external account, but do have a local account, you can still log in:

  1. Home
  2. MARC view: A Lolong time ago :
Normal view MARC view ISBD view

A Lolong time ago : (Record no. 368785)

[ view plain ]
MARC details
000 -LEADER
fixed length control field 00952nam a22002537a 4500
003 - CONTROL NUMBER IDENTIFIER
control field 0
005 - DATE AND TIME OF LATEST TRANSACTION
control field 20260204145908.0
008 - FIXED-LENGTH DATA ELEMENTS--GENERAL INFORMATION
fixed length control field 260204b xxu||||| |||| 00| 0 eng d
020 ## - INTERNATIONAL STANDARD BOOK NUMBER
International Standard Book Number 978-621-422-000-7
050 ## - LIBRARY OF CONGRESS CALL NUMBER
Classification number FIL 959.9
Item number Ds669 2016
082 ## - DEWEY DECIMAL CLASSIFICATION NUMBER
Classification number FIL 959.9
Item number Ds669 2016
100 ## - MAIN ENTRY--PERSONAL NAME
Personal name Suarez, Michelline
245 ## - TITLE STATEMENT
Title A Lolong time ago :
Remainder of title a prehistory of the Philippines
Statement of responsibility, etc written by Michelline Suarez, Joonee Garcia, and Divine Reyes; illustrated by Benjor Catindig.
260 ## - PUBLICATION, DISTRIBUTION, ETC. (IMPRINT)
Place of publication, distribution, etc Makati City :
Name of publisher, distributor, etc Tahanan Books for Young Readers,
Date of publication, distribution, etc 2016.
300 ## - PHYSICAL DESCRIPTION
Extent 175 pages :
Other physical details colored illustrations ;
Dimensions 19 cm.
504 ## - BIBLIOGRAPHY, ETC. NOTE
Bibliography, etc Includes bibliographical references and index.
546 ## - LANGUAGE NOTE
Language note in English
650 ## - SUBJECT ADDED ENTRY--TOPICAL TERM
Topical term or geographic name as entry element Philippines
Form subdivision History
General subdivision Juvenile literature.
650 ## - SUBJECT ADDED ENTRY--TOPICAL TERM
Topical term or geographic name as entry element Philippines
Form subdivision History
General subdivision Sources.
700 ## - ADDED ENTRY--PERSONAL NAME
Personal name Garcia, Joonee, Garcia,
Relator term author.
700 ## - ADDED ENTRY--PERSONAL NAME
Personal name Reyes, Divine,
Relator term author.
700 ## - ADDED ENTRY--PERSONAL NAME
Personal name Catindig, Benjor,
Relator term illustrator.
942 ## - ADDED ENTRY ELEMENTS (KOHA)
Source of classification or shelving scheme Dewey Decimal Classification
Koha item type Books
Holdings
Withdrawn status Lost status Source of classification or shelving scheme Damaged status Home library Current library Shelving location Date acquired Source of acquisition Sub Shelving location Total Checkouts Full call number Barcode Date last seen Price effective from Koha item type
    Dewey Decimal Classification   Munich Library Munich Library Filipiniana Section 02/04/2026 Library Fund     FIL 959.9 Ds669 2016 M9231 02/04/2026 02/04/2026 Books

A Lolong time ago :

APA

Suarez M., Garcia J. G., Reyes D. & Catindig B. (2016). A Lolong time ago. Makati City: Tahanan Books for Young Readers.

Chicago

Suarez Michelline, Garcia Joonee Garcia, Reyes Divine and Catindig Benjor. 2016. A Lolong time ago. Makati City: Tahanan Books for Young Readers.

Harvard

Suarez M., Garcia J. G., Reyes D. and Catindig B. (2016). A Lolong time ago. Makati City: Tahanan Books for Young Readers.

MLA

Suarez Michelline, Garcia Joonee Garcia, Reyes Divine and Catindig Benjor. A Lolong time ago. Makati City: Tahanan Books for Young Readers. 2016.

  • Place hold
  • Print
  • Cite
  • Add to your cart (remove)
  • Save record
    BIBTEX Dublin Core MARCXML MARC (non-Unicode/MARC-8) MARC (Unicode/UTF-8) MARC (Unicode/UTF-8, Standard) MODS (XML) RIS
  • More searches
    Search for this title in:
    Other Libraries (WorldCat) Other Databases (Google Scholar) Online Stores (Bookfinder.com) Open Library (openlibrary.org)

Exporting to Dublin Core...

SOUTHVILLE LIBRARY

Southville International School and Colleges Library

1281 Tropical Ave. Cor. Luxembourg St., BF Homes International, Las Pinas City

Tel. No. 8256374 / 252358 Loc. 117/146

Powered by Koha